Normal view
MARC view
Entry Topical Term
001 - CONTROL NUMBER
- control field: 116895
003 - CONTROL NUMBER IDENTIFIER
- control field: OSt
005 - DATE AND TIME OF LATEST TRANSACTION
- control field: 20230530142717.0
008 - FIXED-LENGTH DATA ELEMENTS
- fixed length control field: 230530|| aca||aabn | a|a d
040 ## - CATALOGING SOURCE
- Original cataloging agency: OSt
- Transcribing agency: OSt
150 ## - HEADING--TOPICAL TERM
- Topical term or geographic name entry element: Biotechnology
670 ## - SOURCE DATA FOUND
- Source citation: Work cat.: (OSt)168421: BAGYARAJ (Joseph D) 116894, Microbial biotechnology for sustainable agriculture horticulture and forestry, 2011